Top 10 des pays avec le moins de touristes - Statistiques

Statistiques générales
  • Ce quiz a été pris 178 fois
  • Le résultat moyen est 4 sur 10
Statistiques - réponses
Nombre de touriste / ans Pays % Correct
156 Nauru
64%
1 200 Tuvalu
61%
5 900 Kiribati
54%
6 100 Îles Marshall
52%
400 Somalie
45%
5 500 Soudan du Sud
34%
6 250 Libye
21%
8 697 Turkménistan
21%
5 700 Guinée-Équatoriale
10%
52 400 Guinée-bissau
9%
Aucun quiz correspondant
Distribution des résultats
% des personnes avec chaque résultat
Percentile par nombre de réponses
Votre historique - résultats
Vous n’avez pas pris ce quiz